| 000 | 00571nam a2200181 i 4500 | ||
|---|---|---|---|
| 001 | 88703 | ||
| 003 | ES-MaACL | ||
| 005 | 20230906175916.0 | ||
| 007 | t| | ||
| 008 | 050105s1921 fr ||||1| fre d | ||
| 100 | 1 |
_aLandau, Mark Aleksandrovic. _969931 |
|
| 245 | 1 | 0 |
_aSainte-Héléne, petite ile / _cpar M.A. Aldanov (seud.) ; traduit du manuscrit russe, par M. Hirchwald. |
| 250 | _a4eme ed. | ||
| 260 |
_aParís : _bJacques Povolozky, _c1921 ( _eDijon : _fDarantiére) |
||
| 300 |
_a160 p. ; _c19 cm. |
||
| 700 | 1 |
_aHirchwald, M. _963798 |
|
| 852 |
_aES-MaACL _jA-4385 |
||
| 999 |
_c88703 _d88703 |
||